[Event "World-chT Rapid"]
[Site "Dusseldorf"]
[Date "2023.08.28"]
[Round "11"]
[White "Haug, Havard"]
[Black "Diller, Daniel"]
[Result "1-0"]
[WhiteElo "2199"]
[BlackElo "2120"]
[PlyCount "106"]
[EventDate "2023.08.26"]
[EventType "team-swiss (rapid)"]
[EventRounds "12"]
[EventCountry "GER"]
[SourceTitle "CBM 215 Extra"]
[Source "ChessBase"]
[SourceDate "2023.09.30"]
[SourceVersion "1"]
[SourceVersionDate "2023.09.30"]
[SourceQuality "1"]
[WhiteTeam "Deutsche Schachjugend"]
[BlackTeam "Heilbronn Hustlers"]
[WhiteTeamCountry "GER"]
[BlackTeamCountry "GER"]

1. e4 e5 2. Nf3 Nc6 3. Bc4 Nf6 4. d3 Bc5 5. c3 a5 6. 0-0 d6 7. Re1 0-0 8. h3 h6 9. Nbd2 Re8 10. Nf1 Ba7 11. Be3 Ne7 12. Bxa7 Rxa7 13. d4 Ng6 14. dxe5 dxe5 15. Qb3 Be6 16. a4 Bxc4 17. Qxc4 Ra6 18. Rad1 Rd6 19. Ne3 Nf4 20. Rxd6 Qxd6 21. Rd1 Qb6 22. b4 c6 23. Nf5 axb4 24. cxb4 Qc7 25. a5 Kh7 26. g3 Ne6 27. Kg2 g6 28. Ne3 Kg7 29. Ra1 Rd8 30. a6 bxa6 31. Rxa6 Nd4 32. Nxd4 Rxd4 33. Qxc6 Qxc6 34. Rxc6 Nxe4 35. b5 Rd2 36. Rc2 Rxc2 37. Nxc2 Nd6 38. b6 f5 39. f4 exf4 40. gxf4 g5 41. Ne3 Kf6 42. Kf3 Ke6 43. Nc4 Nb7 44. Ne5 Kd5 45. Nf7 g4+ 46. hxg4 fxg4+ 47. Kxg4 Kc6 48. Nxh6 Kxb6 49. f5 Nd6 50. f6 Kc6 51. Kh5 Kd7 52. Kg6 Ke6 53. Ng4 Nf7 1-0

[Event "Mittelfranken Landesliga Nord 2223"]
[Site "Mittelfranken"]
[Date "2022.10.23"]
[Round "2.4"]
[White "Monninger, Moritz Franz"]
[Black "Diller, Daniel"]
[Result "1/2-1/2"]
[WhiteElo "2190"]
[BlackElo "2151"]
[PlyCount "61"]
[EventDate "2022.10.09"]
[EventType "team-tourn"]
[EventRounds "9"]
[EventCountry "GER"]
[SourceTitle "EXT 2024"]
[Source "ChessBase"]
[SourceDate "2023.10.10"]
[SourceVersion "1"]
[SourceVersionDate "2023.10.10"]
[SourceQuality "1"]
[WhiteTeam "Herzogenaurach"]
[BlackTeam "Erlangen II"]
[WhiteTeamCountry "GER"]
[BlackTeamCountry "GER"]

1. e4 e5 2. Nf3 Nc6 3. d4 exd4 4. Nxd4 Bc5 5. Nb3 Bb6 6. Nc3 Nge7 7. Bf4 d6 8. Qd2 a5 9. Bb5 Bd7 10. 0-0-0 0-0 11. Rhe1 Nb4 12. Bxd7 Qxd7 13. a3 a4 14. Nd4 Nbc6 15. Ndb5 Ba5 16. h4 Qg4 17. f3 Qe6 18. h5 f6 19. Qe2 Na7 20. Kb1 Nxb5 21. Nxb5 Qf7 22. Bd2 Bxd2 23. Qxd2 Nc6 24. Qd5 Ra5 25. h6 Qxd5 26. exd5 Rxb5 27. dxc6 bxc6 28. Re7 Rf7 29. Re8+ Rf8 30. Re7 Rf7 31. Re8+ 1/2-1/2

[Event "Dortmund Sparkassen op 49th"]
[Site "Dortmund"]
[Date "2022.07.23"]
[Round "8"]
[White "Bilovil, Bogdan"]
[Black "Diller, Daniel"]
[Result "1-0"]
[WhiteElo "2359"]
[BlackElo "2101"]
[PlyCount "47"]
[EventDate "2022.07.16"]
[EventType "swiss"]
[EventRounds "9"]
[EventCountry "GER"]
[SourceTitle "CBM 209 Extra"]
[Source "ChessBase"]
[SourceDate "2022.09.30"]
[SourceVersion "1"]
[SourceVersionDate "2022.09.30"]
[SourceQuality "1"]

1. Nf3 Nf6 2. c4 e6 3. e3 d5 4. Nc3 b6 5. b3 Bb7 6. Bb2 Nbd7 7. Qc2 a6 8. Be2 Bd6 9. Rg1 h5 10. h3 Qe7 11. g4 hxg4 12. hxg4 dxc4 13. g5 Ng8 14. Ne4 f6 15. Bxc4 b5 16. Be2 Nc5 17. gxf6 Nxf6 18. Nxc5 Bxc5 19. Qg6+ Qf7 20. Qxf7+ Kxf7 21. Ne5+ Kg8 22. 0-0-0 Rh7 23. Bd3 Be4 24. Nd7 1-0

[Event "Bamberg op-A 3rd"]
[Site "Bamberg"]
[Date "2021.07.29"]
[Round "3"]
[White "Diller, Daniel"]
[Black "Ewert, Hannes"]
[Result "1/2-1/2"]
[WhiteElo "2002"]
[BlackElo "2266"]
[PlyCount "79"]
[EventDate "2021.07.28"]
[EventType "swiss"]
[EventRounds "7"]
[EventCountry "GER"]
[SourceTitle "EXT 2022"]
[Source "ChessBase"]
[SourceDate "2021.10.06"]
[SourceVersion "1"]
[SourceVersionDate "2021.10.06"]
[SourceQuality "1"]

1. d4 Nf6 2. Bf4 g6 3. Nc3 d5 4. e3 Bg7 5. Nf3 a6 6. Be2 0-0 7. 0-0 b6 8. Ne5 Bb7 9. Bf3 e6 10. Re1 Nbd7 11. e4 Nxe5 12. Bxe5 Nxe4 13. Nxe4 dxe4 14. Bxe4 Bxe4 15. Rxe4 Qd7 16. Bxg7 Kxg7 17. c3 Rfd8 18. Re1 Rac8 19. Qe2 a5 20. Rad1 Qd5 21. a3 Rd7 22. Rd2 Rcd8 23. Red1 c5 24. h4 c4 25. Re1 Qb5 26. Qe5+ Qxe5 27. Rxe5 Rd5 28. Rde2 b5 29. g4 Kf6 30. Kg2 Rxe5 31. Rxe5 Rd5 32. Rxd5 exd5 33. Kg3 h6 34. Kf4 g5+ 35. hxg5+ hxg5+ 36. Ke3 Ke6 37. f3 Kd6 38. Kd2 Kc6 39. Kc2 b4 40. a4 1/2-1/2

[Event "Landesliga Nord 1920"]
[Site "Bayern"]
[Date "2020.02.09"]
[Round "6.6"]
[White "Weigel, Robert"]
[Black "Diller, Daniel"]
[Result "0-1"]
[WhiteElo "2054"]
[BlackElo "2079"]
[PlyCount "78"]
[EventDate "2019.09.29"]
[EventType "team-tourn"]
[EventRounds "9"]
[EventCountry "GER"]
[SourceTitle "EXT 2021"]
[Source "ChessBase"]
[SourceDate "2020.10.23"]
[SourceVersion "1"]
[SourceVersionDate "2020.10.23"]
[SourceQuality "1"]
[WhiteTeam "Forchheim"]
[BlackTeam "Erlangen SC II"]
[WhiteTeamCountry "GER"]
[BlackTeamCountry "GER"]

1. Nf3 d5 2. d4 Nf6 3. c4 c6 4. Qc2 e6 5. Bg5 h6 6. Bh4 Qa5+ 7. Nfd2 Ne4 8. e3 g5 9. Bg3 Nxg3 10. hxg3 Bg7 11. Nc3 Nd7 12. 0-0-0 Nf6 13. Be2 Bd7 14. Kb1 0-0-0 15. Nb3 Qc7 16. cxd5 Nxd5 17. Nxd5 exd5 18. Bd3 b6 19. Rc1 Kb7 20. Qe2 f5 21. Rc2 Qd6 22. Rhc1 Rde8 23. Qd2 Rhf8 24. a3 f4 25. exf4 gxf4 26. Qb4 Qxb4 27. axb4 fxg3 28. fxg3 a6 29. b5 axb5 30. Bxb5 Rf6 31. Bd3 Re3 32. Rd2 Rxg3 33. Re1 Rf7 34. Kc2 Kc7 35. Ra1 Kb7 36. Rh1 Bg4 37. Re1 h5 38. Bg6 Rc7 39. Rf2 Bh6 0-1

[Event "Landesliga Nord 1920"]
[Site "Bayern"]
[Date "2020.01.19"]
[Round "5.6"]
[White "Diller, Daniel"]
[Black "Lechleitner, Walter"]
[Result "1/2-1/2"]
[WhiteElo "2079"]
[BlackElo "1893"]
[PlyCount "34"]
[EventDate "2019.09.29"]
[EventType "team-tourn"]
[EventRounds "9"]
[EventCountry "GER"]
[SourceTitle "EXT 2021"]
[Source "ChessBase"]
[SourceDate "2020.10.23"]
[SourceVersion "1"]
[SourceVersionDate "2020.10.23"]
[SourceQuality "1"]
[WhiteTeam "Erlangen SC II"]
[BlackTeam "Kronach"]
[WhiteTeamCountry "GER"]
[BlackTeamCountry "GER"]

1. e4 e6 2. d4 d5 3. Nc3 Nf6 4. e5 Nfd7 5. f4 c5 6. Nf3 Nc6 7. Be3 cxd4 8. Nxd4 a6 9. Qd2 Qc7 10. Nb3 b6 11. Be2 Bb7 12. 0-0 Bc5 13. Nd4 0-0 14. Nxc6 Bxc6 15. Bd4 b5 16. Bxc5 Nxc5 17. Qe3 Bb7 1/2-1/2

[Event "Regionalliga Nord-Ost 1819"]
[Site "Bayern"]
[Date "2018.11.11"]
[Round "2.4"]
[White "Zeltner, Ottmar"]
[Black "Diller, Daniel"]
[Result "1-0"]
[WhiteElo "1937"]
[BlackElo "2081"]
[PlyCount "73"]
[EventDate "2018.10.21"]
[EventType "team-tourn"]
[EventRounds "9"]
[EventCountry "GER"]
[SourceTitle "EXT 2022"]
[Source "ChessBase"]
[SourceDate "2021.10.06"]
[SourceVersion "1"]
[SourceVersionDate "2021.10.06"]
[SourceQuality "1"]
[WhiteTeam "Rothenburg"]
[BlackTeam "Erlangen SC II"]
[WhiteTeamCountry "GER"]
[BlackTeamCountry "GER"]

1. e4 e6 2. d4 d5 3. Nc3 Bb4 4. e5 c5 5. a3 Bxc3+ 6. bxc3 Ne7 7. Qg4 cxd4 8. Qxg7 Rg8 9. Qxh7 Qc7 10. Ne2 Nbc6 11. f4 dxc3 12. h4 d4 13. h5 Bd7 14. h6 0-0-0 15. Qd3 Rg6 16. h7 Rh8 17. Nxd4 Nxd4 18. Qxd4 Nf5 19. Qxa7 Bc6 20. Rh3 Rg3 21. Rxg3 Nxg3 22. Bd3 Nf5 23. g4 Nh4 24. Qa8+ Qb8 25. Qxb8+ Kxb8 26. Be3 Ng6 27. 0-0-0 Rxh7 28. f5 exf5 29. Bxf5 Rh8 30. Bd4 Rg8 31. Bxc3 Ne7 32. Bb4 Nxf5 33. gxf5 Be4 34. e6 f6 35. e7 Kc7 36. Re1 Bc6 37. Re6 1-0

[Event "GER-ch U25-A"]
[Site "Willingen"]
[Date "2017.06.10"]
[Round "9"]
[White "Diller, Daniel"]
[Black "Engel, Robert"]
[Result "0-1"]
[WhiteElo "2046"]
[BlackElo "1872"]
[PlyCount "68"]
[EventDate "2017.06.04"]
[EventType "swiss"]
[EventRounds "9"]
[EventCountry "GER"]
[SourceTitle "CBM 178 Extra"]
[Source "ChessBase"]
[SourceDate "2017.06.22"]
[SourceVersion "1"]
[SourceVersionDate "2017.06.22"]
[SourceQuality "1"]

1. e4 c5 2. Nf3 d6 3. d4 cxd4 4. Nxd4 Nf6 5. Nc3 a6 6. Bg5 Nbd7 7. Qe2 e5 8. Nf5 h6 9. Bh4 g6 10. Ne3 Be7 11. 0-0-0 b5 12. Bxf6 Nxf6 13. Ned5 Bb7 14. Qd3 Nxd5 15. Nxd5 0-0 16. f3 Bxd5 17. Qxd5 Qc7 18. h4 Rfc8 19. Rd2 Qa7 20. Qb3 Rc7 21. g3 Rac8 22. Kb1 b4 23. Bh3 Rb8 24. Ka1 a5 25. Qa4 Qe3 26. Rhd1 Qxf3 27. Bg2 Qxg3 28. Qxa5 Rbc8 29. h5 Rxc2 30. Rxc2 Rxc2 31. Bh1 Qe3 32. Rb1 Rc1 33. Qa8+ Kg7 34. Qe8 Qe1 0-1

[Event "GER-ch U25-A"]
[Site "Willingen"]
[Date "2017.06.06"]
[Round "4"]
[White "Parvanyan, Ashot"]
[Black "Diller, Daniel"]
[Result "1-0"]
[WhiteElo "2326"]
[BlackElo "2046"]
[PlyCount "168"]
[EventDate "2017.06.04"]
[EventType "swiss"]
[EventRounds "9"]
[EventCountry "GER"]
[SourceTitle "CBM 178 Extra"]
[Source "ChessBase"]
[SourceDate "2017.06.22"]
[SourceVersion "1"]
[SourceVersionDate "2017.06.22"]
[SourceQuality "1"]

1. Nf3 d5 2. g3 Nf6 3. Bg2 c6 4. 0-0 Bg4 5. d3 Nbd7 6. h3 Bxf3 7. Bxf3 e6 8. e4 dxe4 9. dxe4 Bc5 10. Qe2 Qc7 11. Kh1 0-0 12. a4 a5 13. Nd2 e5 14. Nc4 Rfe8 15. Bd2 Nf8 16. Bg2 Ne6 17. c3 Bf8 18. Be3 Nc5 19. Bg5 Nfd7 20. Rfd1 Nb3 21. Rab1 Ndc5 22. Qc2 f6 23. Be3 b5 24. axb5 cxb5 25. Nd2 Nxd2 26. Rxd2 Red8 27. Rbd1 Rxd2 28. Qxd2 Kh8 29. Bf1 Rb8 30. f3 Be7 31. Qc2 a4 32. Rd5 Qc6 33. Qd1 h6 34. h4 a3 35. bxa3 Na4 36. Rd7 Nxc3 37. Qd2 Bf8 38. Rd3 Na4 39. Rd8 Qc7 40. Rxb8 Qxb8 41. Qa5 Bxa3 42. Bxb5 Nb2 43. Qb6 Qxb6 44. Bxb6 Nd1 45. Ba5 Bb2 46. h5 Nc3 47. Bc4 Kh7 48. Kg2 Na4 49. Bb4 Bd4 50. Kh3 Nc5 51. Kg4 g6 52. Bf7 g5 53. Kf5 Kg7 54. Bc4 Bf2 55. Bd5 Nd3 56. Be7 Bxg3 57. Bxf6+ Kh7 58. Bc4 Ne1 59. Be2 Ng2 60. Bxe5 Bxe5 61. Kxe5 Nf4 62. Bb5 Nxh5 63. Be8 Nf4 64. Kf6 Kg8 65. Bf7+ Kf8 66. e5 h5 67. e6 Nd5+ 68. Kxg5 Ke7 69. Kxh5 Kf6 70. Kg4 Ne7 71. Kf4 Nd5+ 72. Ke4 Nc3+ 73. Kd4 Ne2+ 74. Kd5 Ng3 75. Kd6 Nf5+ 76. Kd7 Ne7 77. Bh5 Ng8 78. Bg4 Ne7 79. Bh3 Ng6 80. f4 Ne7 81. Bg2 Ng6 82. Bd5 Kf5 83. Kd6 Nxf4 84. e7 Kf6 1-0

[Event "GER-ch U25-A"]
[Site "Willingen"]
[Date "2016.05.20"]
[Round "8"]
[White "Diller, Daniel"]
[Black "Balazs, Balint"]
[Result "0-1"]
[WhiteElo "1903"]
[BlackElo "2145"]
[PlyCount "100"]
[EventDate "2016.05.15"]
[EventType "swiss"]
[EventRounds "9"]
[EventCountry "GER"]
[SourceTitle "CBM 172 Extra"]
[Source "ChessBase"]
[SourceDate "2016.06.21"]
[SourceVersion "1"]
[SourceVersionDate "2016.06.21"]
[SourceQuality "1"]

1. c4 e5 2. g3 d6 3. Bg2 Nc6 4. Nc3 Be6 5. d3 Qd7 6. Nd5 Nd8 7. e4 c6 8. Ne3 Nf6 9. d4 exd4 10. Qxd4 b5 11. cxb5 Rb8 12. Ne2 cxb5 13. Nd5 Ng4 14. 0-0 Nc6 15. Qd1 h5 16. Nef4 Be7 17. b3 Bf6 18. Nxf6+ Nxf6 19. Bb2 h4 20. Bxf6 gxf6 21. Qd2 Ne5 22. Nd5 Bxd5 23. exd5 Qf5 24. Rae1 Kf8 25. f4 Ng6 26. Qb4 Rc8 27. Rc1 Kg7 28. Qe4 Qd7 29. Rc6 hxg3 30. hxg3 a5 31. Rfc1 Qa7+ 32. Kf1 Rce8 33. Qf3 Qd4 34. R6c2 Re3 35. Qf2 Qd3+ 36. Kg1 Rhe8 37. Rd2 Qf5 38. Bf3 Qh3 39. Re2 Rxf3 40. Qxf3 Rxe2 41. Qxe2 Qxg3+ 42. Kh1 Nxf4 43. Qd2 Qf3+ 44. Kh2 Ne2 45. Rg1+ Nxg1 46. Kxg1 b4 47. Qd4 Kg6 48. Qc4 f5 49. Qb5 f4 50. a4 bxa3 0-1

[Event "GER-ch U25-A"]
[Site "Willingen"]
[Date "2016.05.18"]
[Round "6"]
[White "Diller, Daniel"]
[Black "Dette, Jan"]
[Result "1/2-1/2"]
[WhiteElo "1903"]
[BlackElo "2023"]
[PlyCount "41"]
[EventDate "2016.05.15"]
[EventType "swiss"]
[EventRounds "9"]
[EventCountry "GER"]
[SourceTitle "CBM 172 Extra"]
[Source "ChessBase"]
[SourceDate "2016.06.21"]
[SourceVersion "1"]
[SourceVersionDate "2016.06.21"]
[SourceQuality "1"]

1. c4 f5 2. g3 Nf6 3. Bg2 e6 4. Nf3 d5 5. 0-0 Bd6 6. Nc3 0-0 7. d3 dxc4 8. dxc4 Nc6 9. Qc2 e5 10. Rd1 Qe7 11. Bg5 e4 12. Nd4 Nxd4 13. Rxd4 Be5 14. Rd2 c6 15. Rad1 h6 16. Bxf6 Qxf6 17. Na4 b6 18. b4 Be6 19. e3 Rad8 20. Bf1 Rxd2 21. Qxd2 1/2-1/2

[Event "Mittelfranken-chTB2b 1516"]
[Site "Mittelfranken"]
[Date "2016.02.28"]
[Round "7.2"]
[White "Diller, Daniel"]
[Black "Hanisch, Friedrich"]
[Result "1/2-1/2"]
[WhiteElo "1980"]
[BlackElo "2054"]
[PlyCount "32"]
[EventDate "2015.10.18"]
[EventType "team-tourn"]
[EventRounds "9"]
[EventCountry "GER"]
[SourceTitle "EXT 2020"]
[Source "ChessBase"]
[SourceDate "2019.10.17"]
[SourceVersion "1"]
[SourceVersionDate "2019.10.17"]
[SourceQuality "1"]
[WhiteTeam "Erlangen SC III"]
[BlackTeam "Lauf SV"]
[WhiteTeamCountry "GER"]
[BlackTeamCountry "GER"]

1. c4 c6 2. g3 d5 3. Nf3 Nf6 4. Bg2 Bg4 5. Ne5 e6 6. cxd5 exd5 7. Nxg4 Nxg4 8. e4 Nf6 9. e5 Nfd7 10. 0-0 Na6 11. d4 Nc7 12. Nc3 Qe7 13. Be3 g6 14. Qd2 h6 15. a4 Bg7 16. Rfe1 Nf8 1/2-1/2

[Event "Bayernliga U20 1516"]
[Site "Bayern"]
[Date "2015.12.19"]
[Round "3.2"]
[White "Diller, Daniel"]
[Black "Koch, Christian1111"]
[Result "1/2-1/2"]
[WhiteElo "1980"]
[BlackElo "1930"]
[PlyCount "64"]
[EventDate "2015.11.21"]
[EventType "team-tourn"]
[EventRounds "7"]
[EventCountry "GER"]
[SourceTitle "EXT 2022"]
[Source "ChessBase"]
[SourceDate "2021.10.06"]
[SourceVersion "1"]
[SourceVersionDate "2021.10.06"]
[SourceQuality "1"]
[WhiteTeam "Erlangen SC U20"]
[BlackTeam "Hoechstadt SC U20"]
[WhiteTeamCountry "GER"]
[BlackTeamCountry "GER"]

1. c4 Nf6 2. g3 g6 3. Bg2 Bg7 4. Nc3 e6 5. e4 Nc6 6. Nge2 b6 7. d4 Bb7 8. 0-0 0-0 9. h3 Ne7 10. e5 Bxg2 11. exf6 Bxf1 12. fxg7 Kxg7 13. Kxf1 d5 14. b3 Nf5 15. Qd2 c6 16. Bb2 Qf6 17. Nd1 h5 18. h4 Nd6 19. Qf4 Rfd8 20. Qxf6+ Kxf6 21. Ne3 b5 22. c5 Nf5 23. a4 a6 24. Nc1 g5 25. hxg5+ Kxg5 26. Nxf5 Kxf5 27. a5 Ke4 28. Ke2 h4 29. gxh4 Rh8 30. Nd3 Rxh4 31. Ne5 Rh3 32. f3+ Kf5 1/2-1/2

[Event "Bayernliga U20 1516"]
[Site "Bayern"]
[Date "2015.11.21"]
[Round "1.3"]
[White "Noettling, Dominik"]
[Black "Diller, Daniel"]
[Result "1/2-1/2"]
[WhiteElo "1874"]
[BlackElo "1980"]
[PlyCount "91"]
[EventDate "2015.11.21"]
[EventType "team-tourn"]
[EventRounds "7"]
[EventCountry "GER"]
[SourceTitle "EXT 2022"]
[Source "ChessBase"]
[SourceDate "2021.10.06"]
[SourceVersion "1"]
[SourceVersionDate "2021.10.06"]
[SourceQuality "1"]
[WhiteTeam "Forchheim SC U20"]
[BlackTeam "Erlangen SC U20"]
[WhiteTeamCountry "GER"]
[BlackTeamCountry "GER"]

1. e4 e6 2. d4 d5 3. Nd2 Nf6 4. e5 Nfd7 5. Ngf3 c5 6. dxc5 Nc6 7. Bb5 Nxc5 8. b4 Ne4 9. Nxe4 dxe4 10. Qxd8+ Kxd8 11. Bxc6 bxc6 12. Ng5 Bxb4+ 13. Bd2 Bxd2+ 14. Kxd2 Ke7 15. Nxe4 f6 16. f4 fxe5 17. fxe5 Ba6 18. Nd6 Rhf8 19. Ke3 Rab8 20. Rab1 Kd7 21. c4 Rxb1 22. Rxb1 c5 23. Rb3 Kc6 24. Rb1 g5 25. g3 g4 26. Ke2 Rf3 27. Rb3 Rf8 28. a4 Rd8 29. Nb5 Bxb5 30. axb5+ Kb6 31. Ra3 Rd4 32. Ra6+ Kb7 33. Rxe6 Rxc4 34. Kd3 Rb4 35. Rd6 c4+ 36. Kc3 Rxb5 37. e6 Re5 38. Kxc4 a5 39. Rd7+ Kc6 40. Rxh7 Rxe6 41. Rh5 a4 42. Kb4 Re4+ 43. Ka3 Kb6 44. Rf5 Kc6 45. Ra5 Kb6 46. Rf5 1/2-1/2